000 00847nab a2200253 u 4500
001 20818
003 HDC
007 cr bn ---aaaaa
008 210306c20101012xx dr|noo 0 a eng d
040 _aHDC
245 0 _aUK: Halal Friendly Travel on the Programme of World Halal Forum Europe
260 _a[No place] :
_b[publisher not identified],
_c2010
300 _a1 online resource
336 _atext
_2rdacontent
337 _acomputer
_2rdamedia
338 _aonline resource
_2rdacarrier
650 _aHalal friendly travel
_916008
650 _atravel industry
_915493
710 _aHalal Focus
856 _zRequest full-text at [email protected]
942 _2lcc
942 _cNEWS
942 _kNWSO 006450
999 _c18134
_d18134